Quizzes
Events
Quiz Creation
Community
Videos
Private Events
Remove Ads
Sign In
Join for FREE
Feedback
Dark Mode
Quiz Categories
Sports
Geography
Music
Movies
Television
Just For Fun
Miscellaneous
History
Literature
Language
Science
Gaming
Entertainment
Religion
Holiday
For Kids
Quiz Lab
Recent
Popular Today
Quiz Kudos Today
Editor Picks
Curator Picks
Quizzes by...
Day
Popularity
Type
Ratings
Length
Year
Community
Subscriptions
Recent Discussions
Orange Saloon
Badges
Playlists
Quests
Create
Leaderboards
Showdown
Live 5
Trivia Bingo
Activity
Puzzle Library
Sporcle Events
Private Events
Virtual Trivia
Globe League
Become a Host
Pub Owners
SporcleCon
Opinionation
Our Games
Videos
Blog
Mobile Apps
Partnerships
Remove Ads and Go Orange
Feedback
Geography
Country
Landmarks
City
State
Population
World
Capital
Continent
Flags
Europe
Africa
Asia
South America
North America
Oceania
Border
Canada
United Kingdom
Topography
United States
Geography
Country
Landmarks
City
State
Population
World
Capital
Continent
Flags
Europe
Africa
Asia
South America
North America
Oceania
Border
Canada
United Kingdom
Topography
United States
Random Quiz
Search Sporcle
×
Quiz Lab
Quiz Lab
Geography
Country
Type in answers that appear in a list
Type in answers that appear in a list
Classic
Best Score? Go Orange.
Largest European Cities Stats
Can you name the Largest European Cities (European countries in the EU only)?
By
Olliejoseph1997
8m
100 Questions
456 Plays
456 Plays
456 Plays
Comments
Comments
Give Quiz Kudos
Give Quiz Kudos
-
- Ratings
hide this ad
Replay
Link that replays current quiz
Next Quiz
Link to next quiz in quiz playlist
You Got
0%
They Got
Avg Score
56%
Avg Friend Score
Upgrade to see
Score Distribution
Jump to the score distribution portion of the page
Score
0/100
Timer
08:00
0
Plays Today
Rank
City
% Correct
1
London
99.1%
3
Madrid
96.7%
2
Berlin
96.5%
5
Paris
96.3%
11
Barcelona
95.4%
4
Rome
95%
13
Milan
92.1%
66
Manchester
92.1%
14
Munich
91.7%
25
Amsterdam
90.1%
10
Vienna
89.7%
26
Stockholm
89.3%
59
Dublin
88.8%
7
Hamburg
87.7%
21
Birmingham
87.7%
9
Warsaw
86.8%
18
Marseille
86.8%
24
Athens
86.4%
49
Lisbon
86.4%
37
Glasgow
86.2%
19
Brussels
85.7%
8
Budapest
85.3%
52
Copenhagen
85.3%
17
Prague
84.4%
15
Lyon
84%
65
Liverpool
83.6%
20
Naples
82.2%
45
Helsinki
81.4%
6
Bucharest
80.9%
34
Frankfurt
80.5%
64
Edinburgh
79.2%
27
Krakow
76.1%
23
Turin
75.2%
16
Valencia
75%
Rank
City
% Correct
39
Rotterdam
74.6%
30
Leeds
74.1%
12
Sofia
70.6%
22
Cologne
69.5%
43
Dusseldorf
69.5%
29
Riga
67.8%
67
Bratislava
67.5%
77
Florence
67.3%
58
Nice
65.1%
63
Antwerp
63.6%
82
Cardiff
61.8%
40
Stuttgart
61.6%
41
Dortmund
61.2%
60
The Hague
61.2%
46
Vilnius
61%
71
Tallinn
61%
32
Palermo
59.6%
56
Dresden
57%
31
Sevilla
55.5%
42
Essen
54.6%
70
Bristol
54.2%
33
Toulouse
53.5%
50
Sheffield
52.4%
38
Genoa
51.8%
53
Leipzig
50.2%
28
Lodz
49.8%
47
Malaga
49.8%
73
Thessaloniki
49.6%
62
Gdansk
49.3%
48
Bremen
47.8%
61
Gothenburg
47.8%
81
Bilbao
47.8%
51
Hannover
44.1%
35
Zaragoza
41.4%
Rank
City
% Correct
78
Brno
40.6%
89
Katowice
38.8%
85
Bari
38.2%
36
Wroclaw
36%
44
Poznan
33.1%
100
Utrecht
30.9%
54
Duisburg
30.3%
96
Aarhus
27.6%
57
Bradford
27%
69
Murcia
26.3%
74
Las Palmas
25.9%
84
Varna
25.9%
98
Coventry
25.7%
91
Cordoba
25%
97
Catania
25%
75
Kaunas
24.8%
83
Plovdiv
23.9%
95
Alicante
23.9%
94
Ostrava
23.5%
72
Bochum
23%
80
Lublin
21.5%
79
Wuppertal
19.7%
88
Valladolid
19.3%
55
Nuremburg
19.1%
93
Cluj-Napoca
16.9%
99
Constanta
15.6%
68
Szczecin
15.1%
90
Iasi
14.9%
76
Bydgoszcz
13.2%
87
Wakefield
9%
86
Bielefield
3.1%
92
Wirral
2.6%
Quiz Playlist
Details
Report
Send in Message
Add To Playlist
Classic:
Type in answers that appear in a list
Last Updated: Feb 16, 2017
Quiz Scoreboard
CHALLENGE
Sign Up to Join the Scoreboard
Show All
Scores
Hide
Comments
May contain spoilers
Recently Published
Movies - When Are They Set?
by FPL_Elf
Movies
5m
Popular People in 1961
by mucciniale
History
6m
1-10 Letter E Words III
by El_Dandy
Language
2m
More to Explore
Quiz From the Vault
Featured Blog Post
Where Did the Easter Bunny Come From?
hide this ad
You Might Also Like...
Tags
City Quiz
Country Quiz
Europe Quiz
largest
Today's Top Quizzes in Geography
Browse Geography
hide this ad
Today's Top Quizzes in Country
Browse Country
Top Contributed Quizzes in Geography
1
Countries of the World - No Outlines Minefield
2
Top 25 Cities of France on a map
3
Closest Countries to UK A-Z
4
African Flag Reveal XLV
5
Blind Ultimate Minefield: USA
6
One Thing in Common: United Kingdom
7
Blind Secret Country CLXXXVIII
8
One Thing in Common: Asia
9
Find the US States - No Outlines
10
One Thing in Common: Geography
Explore More
Trending Topics
Disney
Marvel
NBA
Crossword
Harry Potter
Kpop
Anime
WWE
Country
NFL
Song
The Office
Puzzle
Pokémon
Soccer
hide this ad
More By:
Olliejoseph1997
Quiz
Plays
Rating
Category
Featured
Created
Türkiye's Borders
93,927
4.45
Geography
May 8, 2011
Coastal US States
31,032
4.56
Geography
Mar 4, 2012
Far from London?
8,492
2.16
Geography
Apr 14, 2012
Top 100 Largest Cities in England
2,008
4.40
Geography
May 3, 2011
English Towns with Over 100,000 People
1,335
4.00
Geography
May 13, 2012
Go to Creator's Profile
Score Distribution
Quiz Creator Spotlight
Olliejoseph1997
Follow
Send a Message
Quizzes Created
-
Created Quiz Play Count
-
More By This Creator
Popular Quizzes Today
1
Find the US States - No Outlines Minefield
2
Find the Countries of Europe - No Outlines Minefield
3
The Countries of the World
4
Popular People in 1961
5
1-10 Letter E Words III
6
US States
7
Find the US States
8
One Thing in Common: World Cities II
More Geography Quizzes
States That Border Arkansas
Published
Trending Quizzes
Risky Map Clicking: Least Populous States A-Z
1-10 Letter F Words
1-10 Letter G Words
One Thing in Common: United Kingdom
Risky Map Clicking: Next State Alphabetically
Recently Updated
Leaping Animals
pecheneg
Reality TV Shows (A-Z)
bhenderson79
Rickey Henderson's Hall of Fame Teammates
pecheneg
Champions League XIs: Arsenal
pecheneg
Quick Pick: Celebrities in WWE's Hall of Fame
aduchscher
A-Z Keypad Blitz II
pecheneg
Multiple Oscar Actors
pecheneg
Mystery Phrase Blitz: Oscar 'Best Actors'
pecheneg
F. Scott Fitzgerald Novels
LTH
Pick 3 Villains
ddd62291
Trending Topics
Crossword
Marvel
NBA
Harry Potter
Anime
Disney
Kpop
Soccer
Song
WWE
Pokémon
Puzzle
The Office
Country
NFL
Your Account Isn't Verified!
In order to create a playlist on Sporcle, you need to verify the email address you used during registration. Go to your
Sporcle Settings
to finish the process.
Report this User
Report this user for behavior that violates our
Community Guidelines
.
Details:
Send Report
Go to the Sporcle.com Mobile Site →
Comments